Профессиональный английский язык: электроэнергетика. Часть 2: электронный курс
| Autore principale: | |
|---|---|
| Ente Autore: | |
| Riassunto: | Заглавие с экрана The course is intended for students who aim to improve language competency and get an additional qualification, to combine special knowledge and interpreting skills in the field of professional communication. Доступ по логину и паролю |
| Lingua: | russo |
| Pubblicazione: |
Томск, TPU Moodle, 2021
|
| Soggetti: | |
| Accesso online: | https://design.lms.tpu.ru/course/view.php?id=3974 |
| Natura: | Elettronico Libro |
| KOHA link: | https://koha.lib.tpu.ru/cgi-bin/koha/opac-detail.pl?biblionumber=665742 |
MARC
| LEADER | 00000nlm0a2200000 4500 | ||
|---|---|---|---|
| 001 | 665742 | ||
| 005 | 20231228125107.0 | ||
| 035 | |a (RuTPU)RU\TPU\network\36946 | ||
| 035 | |a RU\TPU\network\36945 | ||
| 090 | |a 665742 | ||
| 100 | |a 20211111d2021 m y0rusy50 ca | ||
| 101 | 0 | |a rus | |
| 102 | |a RU | ||
| 105 | |a a j 000zy | ||
| 135 | |a jrcn ---uucaa | ||
| 181 | 0 | |a i | |
| 182 | 0 | |a b | |
| 200 | 1 | |a Профессиональный английский язык: электроэнергетика. Часть 2 |e электронный курс |f И. А. Чеснокова |g Национальный исследовательский Томский политехнический университет, Школа базовой инженерной подготовки, Отделение иностранных языков | |
| 203 | |a Текст |c электронный | ||
| 210 | |a Томск |c TPU Moodle |d 2021 | ||
| 300 | |a Заглавие с экрана | ||
| 330 | |a The course is intended for students who aim to improve language competency and get an additional qualification, to combine special knowledge and interpreting skills in the field of professional communication. | ||
| 333 | |a Доступ по логину и паролю | ||
| 606 | 1 | |a Английский язык |x Учебные руководства и пособия |x Книги для чтения по различным специальностям. Технические хрестоматии |2 stltpush |3 (RuTPU)RU\TPU\subj\29076 |9 52488 | |
| 610 | 1 | |a электронный ресурс | |
| 610 | 1 | |a труды учёных ТПУ | |
| 610 | 1 | |a электронное обучение | |
| 610 | 1 | |a электронные курсы ТПУ | |
| 610 | 1 | |a электронные учебные пособия | |
| 610 | 1 | |a учебные пособия | |
| 686 | |a Ш143.21-923.81 |2 rubbk | ||
| 700 | 1 | |a Чеснокова |b И. А. |c лингвист |c доцент Томского политехнического университета, кандидат филологических наук |f 1974- |g Ирина Анатольевна |3 (RuTPU)RU\TPU\pers\29664 |9 14177 | |
| 712 | 0 | 2 | |a Национальный исследовательский Томский политехнический университет |b Школа базовой инженерной подготовки |b Отделение иностранных языков |3 (RuTPU)RU\TPU\col\23510 |
| 801 | 2 | |a RU |b 63413507 |c 20220420 |g RCR | |
| 856 | 4 | |u https://design.lms.tpu.ru/course/view.php?id=3974 | |
| 942 | |c CF | ||